Movies Quiz

Random Movies or Celebrity Quiz

Disguised Movie Cameos Quiz Stats

 Plays Quiz Updated Jan 9, 2015

Also try: Actors in Disguise
Challenge
Share
Tweet
Score 0/18 Timer 06:00
0 Plays Today
% Correct
Nicolas Cage
89.8%
Bill Murray
87.2%
Mel Gibson
83.2%
Johnny Depp
83%
Charlie Sheen
82.2%
Tom Cruise
79.2%
Robin Williams
73.1%
Keith Richards
59.3%
Dave Grohl
48.9%
% Correct
Danny Glover
41.9%
Steve Buscemi
41%
Charlton Heston
39.7%
Huey Lewis
36.9%
George Lucas
29.6%
Gene Hackman
27.1%
Cate Blanchett
26.8%
Glenn Close
23.4%
Keanu Reeves
3.8%

You're not logged in!

Compare scores with friends on all Sporcle quizzes.
OR
Log In

You Might Also Like...

Show Comments

Extras

Top Quizzes Today


Score Distribution

Your Account Isn't Verified!

In order to create a playlist on Sporcle, you need to verify the email address you used during registration. Go to your Sporcle Settings to finish the process.

Report this User

Report this user for behavior that violates our Community Guidelines.

Details: